| 000 | 00502nam a2200205Ia 4500 | ||
|---|---|---|---|
| 003 | 0100 | ||
| 008 | 130303s9999 xx 000 0 und d | ||
| 040 | _cARRUPELIB | ||
| 050 | _aPQ9698.13.O354613A4 1998 | ||
| 100 | _aCoelho, Paulo | ||
| 245 | 4 | _aThe alchemist | |
| 260 | _aNew York | ||
| 260 | _bHarperSanFrancisco | ||
| 260 | _C1998 | ||
| 300 | _axiv | ||
| 300 | _b 174p. 22cm. | ||
| 650 | _bCatholic Church - Missions - Bibliography | ||
| 700 | _aClarke, Alan R. tr. | ||
| 942 |
_2lcc _01 |
||
| 999 |
_c67116 _d67116 |
||